Visualizzazione normale
Vista MARC
- Fontenoy
di Personal Name
Records bibliografici associati: 1
001 - CONTROL NUMBER
- control field: 7120
003 - CONTROL NUMBER IDENTIFIER
- control field: IT-RoPau
005 - DATE AND TIME OF LATEST TRANSACTION
- control field: 20140102151043.0
008 - FIXED-LENGTH DATA ELEMENTS
- fixed length control field: 140102|| aca||aabn | a|a d
040 ## - CATALOGING SOURCE
- Original cataloging agency: IT-RoPau
- Transcribing agency: IT-RoPau
100 ## - HEADING--PERSONAL NAME
- Personal name: Fontenoy
- Dates associated with a name: Codice autore SPICS: 14037
- Relator term: Autore
- Name of part/section of a work: Buenas noches mi amor
670 ## - SOURCE DATA FOUND
- Source citation: Work cat.: (IT-RoPau)100140: AA.VV. 794, Vecchio pianino (Lp Sm 3140)